00662nam a2200229Ia 4500003000900000008004100009040001300050040001300063041000800076100002200084245002200106250001200128260001300140260000900153300001100162300001000173490001900183490000600202942000700208999001700215952020000232IT-RoPAU120407s9999 xx 000 0 und d aIT-RoPAU cIT-RoPAU aita aMassimo Petrocchi aRoma nel Seicento aBologna aCappelli c1970 a248 p. c24 cm aStoria di Roma v0 cBK c30299d30299 00102ddc406945_91400000000000071aPAULUSbPAULUSd2012-04-11l0o945.914r2012-04-11 00:00:00w2012-04-11yBKzInserito da: Mario In data: 19 settembre 2011 fondo: Via A.Severo 56 Progr:31300